[Event "Kingston Chan Memorial op"]
[Site "Kingston"]
[Date "2017.09.23"]
[Round "3"]
[White "Richards, Deborah"]
[Black "Clarke, Adani"]
[Result "1-0"]
[WhiteElo "2027"]
[BlackElo "1636"]
[PlyCount "89"]
[EventDate "2017.09.21"]
[EventType "swiss"]
[EventRounds "6"]
[EventCountry "JAM"]
[SourceTitle "EXT 2020"]
[Source "ChessBase"]
[SourceDate "2019.10.17"]
[SourceVersion "1"]
[SourceVersionDate "2019.10.17"]
[SourceQuality "1"]

1. c4 Nf6 2. Nc3 e6 3. e4 d5 4. e5 Nfd7 5. d4 dxc4 6. Bxc4 c5 7. Nf3 Nc6 8. d5 Ncxe5 9. Nxe5 Nxe5 10. Bb5+ Bd7 11. Qe2 Bxb5 12. Nxb5 a6 13. Nc3 Qf6 14. 0-0 Be7 15. Ne4 Qf5 16. d6 Bf8 17. Rd1 Nd7 18. f4 Qg6 19. a4 Rc8 20. Ra3 Rc6 21. Rg3 Qxg3 22. hxg3 Nf6 23. Nxf6+ gxf6 24. d7+ Kd8 25. b3 Bd6 26. Qc4 Ke7 27. f5 Rd8 28. fxe6 fxe6 29. Qg4 Rxd7 30. Qg7+ Kd8 31. Qxf6+ Kc7 32. Bf4 Bxf4 33. Rxd7+ Kxd7 34. gxf4 Rc7 35. a5 c4 36. g4 Rc5 37. Qf7+ Kd6 38. Qxb7 h6 39. Qxa6+ Rc6 40. Qb7 Rc7 41. Qb8 Kc6 42. a6 Kd7 43. a7 Rc8 44. Qxc8+ Kxc8 45. a8Q+ 1-0

[Event "JAM-ch 49th"]
[Site "Kingston"]
[Date "2017.01.15"]
[Round "4"]
[White "Brown, Akeem"]
[Black "Richards, Deborah"]
[Result "0-1"]
[WhiteElo "1961"]
[BlackElo "2036"]
[PlyCount "20"]
[EventDate "2017.01.07"]
[EventType "tourn"]
[EventRounds "11"]
[EventCountry "JAM"]
[SourceTitle "EXT 2020"]
[Source "ChessBase"]
[SourceDate "2019.10.17"]
[SourceVersion "1"]
[SourceVersionDate "2019.10.17"]
[SourceQuality "1"]

1. d4 d5 2. c4 c6 3. cxd5 cxd5 4. Nc3 e5 5. e4 dxe4 6. d5 Nf6 7. f3 exf3 8. Nxf3 Bc5 9. Bg5 0-0 10. Qd2 e4 0-1

[Event "Olympiad Women-42"]
[Site "Baku"]
[Date "2016.09.09"]
[Round "7.1"]
[White "Richards, Deborah"]
[Black "Caruana Pulpan, Oana"]
[Result "1-0"]
[WhiteElo "2023"]
[BlackElo "1894"]
[PlyCount "63"]
[EventDate "2016.09.02"]
[EventType "team-swiss"]
[EventRounds "11"]
[EventCountry "AZE"]
[SourceTitle "CBM 174 Extra"]
[Source "ChessBase"]
[SourceDate "2016.10.10"]
[SourceVersion "1"]
[SourceVersionDate "2016.10.10"]
[SourceQuality "1"]
[WhiteTeam "Jamaica (W)"]
[BlackTeam "Malta (W)"]
[WhiteTeamCountry "JAM"]
[BlackTeamCountry "MLT"]

1. Nf3 f5 2. d4 Nf6 3. Bg5 d5 4. e3 e6 5. Nbd2 Be7 6. Ne5 0-0 7. Ndf3 Nbd7 8. Bd3 c5 9. c3 Qc7 10. 0-0 Bd6 11. Bf4 Ne4 12. Nxd7 Bxd7 13. Bxd6 Nxd6 14. Ne5 Rad8 15. Qe2 Rf6 16. Rac1 c4 17. Bb1 Rdf8 18. f3 Be8 19. Rce1 g5 20. e4 fxe4 21. fxe4 Qg7 22. Rxf6 Rxf6 23. Ng4 Rf8 24. exd5 Bg6 25. Bxg6 Qxg6 26. dxe6 h5 27. e7 Re8 28. Ne5 Qe6 29. Qxh5 Qxe7 30. Qg6+ Kf8 31. Rf1+ Nf7 32. Rxf7+ 1-0

[Event "Bridgetown sub zt 2.3.5 (Women)"]
[Site "Bridgetown"]
[Date "2016.05.02"]
[Round "8"]
[White "Johnson, Gabriella"]
[Black "Richards, Deborah"]
[Result "0-1"]
[WhiteElo "1690"]
[BlackElo "2011"]
[PlyCount "44"]
[EventDate "2016.04.28"]
[EventType "swiss"]
[EventRounds "9"]
[EventCountry "BAR"]
[SourceTitle "CBM 172 Extra"]
[Source "ChessBase"]
[SourceDate "2016.06.21"]
[SourceVersion "1"]
[SourceVersionDate "2016.06.21"]
[SourceQuality "1"]

1. e4 c5 2. Nf3 e6 3. d4 cxd4 4. Nxd4 a6 5. Nc3 b5 6. a4 b4 7. Nce2 Bb7 8. Ng3 Qc7 9. Be3 Nf6 10. Bd3 Bd6 11. Nde2 h5 12. f3 Be5 13. Bd4 h4 14. Nf1 d5 15. exd5 Bxd5 16. h3 Nc6 17. Bxe5 Nxe5 18. Nh2 Qc5 19. Qd2 Rd8 20. Bxa6 Bc4 21. Qf4 Bxa6 22. Rc1 Ng6 0-1

[Event "Bridgetown sub zt 2.3.5 (Women)"]
[Site "Bridgetown"]
[Date "2016.04.30"]
[Round "5"]
[White "Richards, Deborah"]
[Black "Diaz, Maria MA"]
[Result "1-0"]
[WhiteElo "2011"]
[BlackElo "1914"]
[PlyCount "61"]
[EventDate "2016.04.28"]
[EventType "swiss"]
[EventRounds "9"]
[EventCountry "BAR"]
[SourceTitle "CBM 172 Extra"]
[Source "ChessBase"]
[SourceDate "2016.06.21"]
[SourceVersion "1"]
[SourceVersionDate "2016.06.21"]
[SourceQuality "1"]

1. Nf3 g6 2. d4 d6 3. c4 Bg7 4. Nc3 c5 5. e4 Nd7 6. Be2 cxd4 7. Nxd4 Qb6 8. Be3 Qd8 9. 0-0 Ngf6 10. Rc1 0-0 11. f3 Ne5 12. Qd2 Nc6 13. b3 Ne8 14. Rfd1 a6 15. Nd5 f5 16. exf5 Bxf5 17. Nxf5 gxf5 18. b4 Nf6 19. Nf4 Qd7 20. c5 d5 21. Nxd5 Nxd5 22. Qxd5+ Qxd5 23. Rxd5 e6 24. Rd7 Nxb4 25. Rb1 Nd5 26. Rbxb7 Bf6 27. Bc4 Rfe8 28. Bxd5 exd5 29. Bg5 Re1+ 30. Kf2 Bc3 31. c6 1-0

[Event "Bridgetown sub zt 2.3.5 (Women)"]
[Site "Bridgetown"]
[Date "2016.04.30"]
[Round "4"]
[White "Varela la Madrid, Maria"]
[Black "Richards, Deborah"]
[Result "0-1"]
[WhiteElo "1931"]
[BlackElo "2011"]
[PlyCount "130"]
[EventDate "2016.04.28"]
[EventType "swiss"]
[EventRounds "9"]
[EventCountry "BAR"]
[SourceTitle "CBM 172 Extra"]
[Source "ChessBase"]
[SourceDate "2016.06.21"]
[SourceVersion "1"]
[SourceVersionDate "2016.06.21"]
[SourceQuality "1"]

1. d4 d5 2. Nf3 Nf6 3. Bg5 c6 4. c4 Qb6 5. Qc2 dxc4 6. Nbd2 Qa5 7. e4 b5 8. Be2 h6 9. Bf4 e6 10. 0-0 Be7 11. a4 Qd8 12. b3 cxb3 13. Nxb3 Bd7 14. axb5 cxb5 15. Rfd1 0-0 16. d5 Qc8 17. Qd3 Qc4 18. d6 Bd8 19. Qxc4 bxc4 20. Nc5 Bb6 21. Be3 Rc8 22. Na4 Bxe3 23. fxe3 Na6 24. Nc3 Nb4 25. Nd2 Nc2 26. Rac1 Nxe3 27. Re1 a5 28. h3 a4 29. Kf2 Nxg2 30. Kxg2 a3 31. Bxc4 Rc5 32. e5 Nd5 33. Nxd5 exd5 34. Ba2 Rac8 35. Rxc5 Rxc5 36. Bb3 Rc3 37. Ra1 Rd3 38. Ra2 Bxh3+ 39. Kf2 Bg4 40. Kg2 Be6 41. Kf2 Bg4 42. Rc2 g5 43. Ba4 Kf8 44. Bb5 Rd4 45. Nc4 dxc4 46. Bxc4 Bd7 47. Ke3 Rf4 48. Bd5 Rh4 49. Rf2 Rf4 50. Ra2 Rh4 51. Rf2 Rf4 52. Ra2 Ra4 53. Bb3 Ra5 54. Kd4 Be6 55. Bxe6 fxe6 56. Ke4 Ke8 57. Kd4 h5 58. Kc4 h4 59. Kb4 Ra8 60. Kc5 Kd7 61. Kb6 Ra4 62. Kb5 Re4 63. Rxa3 Rxe5+ 64. Kc4 Kxd6 65. Ra6+ Ke7 0-1

[Event "Kingston Millionaire qual"]
[Site "Kingston"]
[Date "2015.08.09"]
[Round "5"]
[White "Chin, Eton"]
[Black "Richards, Deborah"]
[Result "1-0"]
[WhiteElo "2027"]
[BlackElo "2002"]
[PlyCount "58"]
[EventDate "2015.08.05"]
[EventType "swiss"]
[EventRounds "6"]
[EventCountry "JAM"]
[SourceTitle "EXT 2018"]
[Source "ChessBase"]
[SourceDate "2017.10.13"]
[SourceVersion "1"]
[SourceVersionDate "2017.10.13"]
[SourceQuality "1"]

1. Nf3 Nf6 2. d4 d5 3. Bg5 Nbd7 4. c4 e6 5. Nc3 Be7 6. Qc2 0-0 7. e3 Re8 8. Bd3 dxc4 9. Bxc4 c5 10. Rd1 cxd4 11. Rxd4 Qa5 12. 0-0 a6 13. Rh4 Nf8 14. e4 Ng6 15. Rh3 b5 16. e5 bxc4 17. exf6 gxf6 18. Bd2 e5 19. Rg3 f5 20. Re1 Kh8 21. h4 f4 22. Rxg6 hxg6 23. Rxe5 Qd8 24. Qe4 Bf5 25. Qxf4 Bf6 26. Rd5 Qb8 27. Qxc4 Be6 28. Ng5 Bxd5 29. Nxd5 Qb6 1-0

[Event "Kingston Millionaire qual"]
[Site "Kingston"]
[Date "2015.08.09"]
[Round "6"]
[White "Richards, Deborah"]
[Black "Douglas, Markland"]
[Result "1-0"]
[WhiteElo "2002"]
[BlackElo "1837"]
[PlyCount "103"]
[EventDate "2015.08.05"]
[EventType "swiss"]
[EventRounds "6"]
[EventCountry "JAM"]
[SourceTitle "EXT 2018"]
[Source "ChessBase"]
[SourceDate "2017.10.13"]
[SourceVersion "1"]
[SourceVersionDate "2017.10.13"]
[SourceQuality "1"]

1. c4 e5 2. Nc3 f5 3. Nf3 d6 4. d4 e4 5. Ng5 Be7 6. Nd5 Nf6 7. Nxe7 Qxe7 8. Nh3 0-0 9. e3 b6 10. Bd2 Bb7 11. Bc3 d5 12. Nf4 Kh8 13. h4 Nbd7 14. Be2 Rad8 15. h5 Qd6 16. Rh3 Ng4 17. Bxg4 fxg4 18. Qxg4 Nf6 19. Qg5 h6 20. Qg3 Rf7 21. c5 bxc5 22. dxc5 Qxc5 23. Ne6 Qe7 24. Nxd8 Qxd8 25. Qg6 Qe7 26. Rg3 Nh7 27. 0-0-0 Ng5 28. Rxg5 hxg5 29. h6 Kg8 30. Bxg7 Rxg7 31. hxg7 Qxg7 32. Qe8+ Qf8 33. Qe5 Qg7 34. Qxg7+ Kxg7 35. Rd4 Kf7 36. Ra4 a6 37. Rb4 Bc6 38. Rb8 Ke7 39. Rg8 g4 40. Rxg4 a5 41. Rg7+ Kd8 42. g4 a4 43. b3 axb3 44. axb3 Bb5 45. b4 c6 46. Kd2 Ke8 47. Kc3 Kf8 48. Rc7 Kg8 49. Kd4 Ba4 50. Ke5 Bb5 51. Kf6 Ba4 52. g5 1-0

[Event "Pan American-ch (Women)"]
[Site "Valle del Cauca"]
[Date "2014.09.02"]
[Round "3"]
[White "Bermudez Veliz, Josselyn Dayan"]
[Black "Richards, Deborah"]
[Result "0-1"]
[WhiteElo "1733"]
[BlackElo "2042"]
[PlyCount "84"]
[EventDate "2014.09.01"]
[EventType "swiss"]
[EventRounds "9"]
[EventCountry "COL"]
[SourceTitle "CBM 162 Extra"]
[Source "ChessBase"]
[SourceDate "2014.10.17"]
[SourceVersion "1"]
[SourceVersionDate "2014.10.17"]
[SourceQuality "1"]

1. Nf3 Nf6 2. c4 c6 3. g3 d5 4. b3 Bg4 5. Ne5 Bf5 6. Bb2 Nbd7 7. Bg2 e6 8. 0-0 Bd6 9. Nxd7 Qxd7 10. d4 h5 11. Nd2 h4 12. Re1 hxg3 13. fxg3 Qc7 14. Nf1 Ne4 15. Bxe4 Bxe4 16. c5 Be7 17. e3 0-0-0 18. Qg4 g5 19. Nd2 Bg6 20. Qf3 Rh7 21. e4 Rdh8 22. Qf2 Qa5 23. Nf1 Bxe4 24. Rxe4 dxe4 25. Qe3 f5 26. Bc3 Qb5 27. Rd1 Rd8 28. b4 e5 29. a3 Bf6 30. Rd2 exd4 31. Bxd4 Bxd4 32. Rxd4 Rxd4 33. Qxd4 Qd3 34. Qe5 Rd7 35. Qe6 Qd5 36. Qg6 f4 37. gxf4 gxf4 38. Qg4 Qd4+ 39. Kh1 Qf2 40. Qg8+ Kc7 41. Qc4 Rg7 42. Ng3 fxg3 0-1

[Event "Pan American-ch (Women)"]
[Site "Valle del Cauca"]
[Date "2014.09.01"]
[Round "1"]
[White "Llaudy Pupo, Lisandra"]
[Black "Richards, Deborah"]
[Result "1-0"]
[WhiteElo "2235"]
[BlackElo "2042"]
[PlyCount "75"]
[EventDate "2014.09.01"]
[EventType "swiss"]
[EventRounds "9"]
[EventCountry "COL"]
[SourceTitle "CBM 162 Extra"]
[Source "ChessBase"]
[SourceDate "2014.10.17"]
[SourceVersion "1"]
[SourceVersionDate "2014.10.17"]
[SourceQuality "1"]

1. e4 c5 2. Nf3 e6 3. d4 cxd4 4. Nxd4 Nf6 5. Bd3 Nc6 6. Nxc6 bxc6 7. 0-0 e5 8. c4 Be7 9. Nc3 0-0 10. Be3 d6 11. Qa4 Bd7 12. Qc2 Be6 13. Rfd1 Ng4 14. Bc1 Qb6 15. h3 Nf6 16. b3 Rad8 17. Na4 Qb8 18. Nc3 Qc8 19. Bg5 h6 20. Bxf6 Bxf6 21. b4 Be7 22. a4 f5 23. exf5 Bxf5 24. Bxf5 Rxf5 25. b5 Rf4 26. bxc6 Qxc6 27. Nd5 Rf7 28. Qe4 Qe8 29. Rab1 Bf8 30. Rb4 Qd7 31. Rdb1 Qe6 32. a5 Rc8 33. Rb7 Qf5 34. Qxf5 Rxf5 35. Rxa7 Rf7 36. Rxf7 Kxf7 37. a6 Rc6 38. Ra1 1-0

[Event "Olympiad Women-41"]
[Site "Tromsoe"]
[Date "2014.08.10"]
[Round "8.1"]
[White "Richards, Deborah"]
[Black "Chandrasiri, SAK"]
[Result "1-0"]
[WhiteElo "2024"]
[BlackElo "1777"]
[PlyCount "121"]
[EventDate "2014.08.02"]
[EventType "team-swiss"]
[EventRounds "11"]
[EventCountry "NOR"]
[SourceTitle "CBM 162"]
[Source "ChessBase"]
[SourceDate "2014.09.17"]
[SourceVersion "1"]
[SourceVersionDate "2014.09.17"]
[SourceQuality "1"]
[WhiteTeam "Jamaica (W)"]
[BlackTeam "Sri Lanka (W)"]
[WhiteTeamCountry "JAM"]
[BlackTeamCountry "SRI"]

1. c4 Nf6 2. Nc3 e6 3. Nf3 b6 4. e4 d6 5. d4 Bb7 6. Bd3 Nbd7 7. 0-0 g6 8. Bg5 e5 9. d5 Bg7 10. b4 0-0 11. Nd2 h6 12. Be3 Nh5 13. Re1 Nf4 14. Bf1 Kh7 15. Rc1 f5 16. g3 fxe4 17. Ndxe4 Nh5 18. c5 Ndf6 19. cxd6 cxd6 20. Bh3 Bc8 21. Bxc8 Rxc8 22. h3 Qd7 23. Kg2 Nxe4 24. Nxe4 Nf6 25. Nxf6+ Bxf6 26. Qd2 Bg7 27. Rxc8 Rxc8 28. Rc1 Rxc1 29. Qxc1 Qb5 30. Qd2 Qc4 31. a4 e4 32. f3 Bc3 33. Qc2 exf3+ 34. Kxf3 Qxd5+ 35. Qe4 Qxe4+ 36. Kxe4 Bxb4 37. Kd5 g5 38. g4 Bc5 39. Bd2 Kg6 40. Bc3 h5 41. Bb2 hxg4 42. hxg4 Kf7 43. Bc3 Ke7 44. Bd2 Kf6 45. Bc3+ Kg6 46. Bd2 a6 47. Kc6 Kf6 48. Bc1 Ke5 49. Bxg5 d5 50. a5 Ke4 51. Bd2 Bd4 52. axb6 Bf2 53. g5 Kf5 54. b7 Ba7 55. Kxd5 Bb8 56. Be3 a5 57. Kc4 Bc7 58. Kb5 Ke6 59. Bd4 Kf5 60. Bf6 Kg6 61. Bd8 1-0

[Event "Olympiad Women-41"]
[Site "Tromsoe"]
[Date "2014.08.02"]
[Round "1.1"]
[White "Richards, Deborah"]
[Black "Pourkashiyan, Atousa"]
[Result "0-1"]
[WhiteElo "2024"]
[BlackElo "2352"]
[PlyCount "63"]
[EventDate "2014.08.02"]
[EventType "team-swiss"]
[EventRounds "11"]
[EventCountry "NOR"]
[SourceTitle "CBM 162"]
[Source "ChessBase"]
[SourceDate "2014.09.17"]
[SourceVersion "1"]
[SourceVersionDate "2014.09.17"]
[SourceQuality "1"]
[WhiteTeam "Jamaica (W)"]
[BlackTeam "Iran (W)"]
[WhiteTeamCountry "JAM"]
[BlackTeamCountry "IRI"]

1. Nf3 d5 2. d4 Nf6 3. Bf4 e6 4. e3 c5 5. c3 Nc6 6. Bd3 Bd6 7. Bg3 Bxg3 8. hxg3 Qd6 9. Nbd2 h6 10. Qe2 Bd7 11. dxc5 Qxc5 12. e4 dxe4 13. Nxe4 Nxe4 14. Bxe4 Qa5 15. Nd2 0-0-0 16. Nc4 Qc7 17. Rd1 Kb8 18. Nd6 f5 19. Bc2 Rhf8 20. Rh4 e5 21. Nb5 Qb6 22. a4 a6 23. Nd6 Be6 24. b4 e4 25. Nc4 Rxd1+ 26. Bxd1 Bxc4 27. Qxc4 Ne5 28. Qe2 Rc8 29. Kd2 Qc7 30. Ke1 Qxc3+ 31. Qd2 Nd3+ 32. Kf1 0-1

[Event "JAM-ch"]
[Site "Kingston"]
[Date "2014.05.04"]
[Round "7"]
[White "Wisdom, Daren"]
[Black "Richards, Deborah"]
[Result "1-0"]
[WhiteElo "1974"]
[BlackElo "2031"]
[PlyCount "59"]
[EventDate "2014.04.25"]
[EventType "tourn"]
[EventRounds "11"]
[EventCountry "JAM"]
[SourceTitle "CBM 160 Extra"]
[Source "ChessBase"]
[SourceDate "2014.07.01"]
[SourceVersion "1"]
[SourceVersionDate "2014.07.01"]
[SourceQuality "1"]

1. d4 d5 2. Nf3 Nf6 3. e3 e6 4. b3 Nbd7 5. Bb2 Bd6 6. Bd3 c5 7. Ne5 b5 8. Nxd7 Bxd7 9. dxc5 Bxc5 10. 0-0 0-0 11. Nd2 Bd6 12. e4 Be7 13. e5 Ne8 14. f4 g6 15. g4 Bc5+ 16. Kg2 b4 17. Qe2 Rb8 18. h4 f6 19. exf6 Nxf6 20. h5 e5 21. Qxe5 Bxg4 22. hxg6 h5 23. Rae1 Rb6 24. Qg5 Rb7 25. Qh6 Qd7 26. Ne4 Bh3+ 27. Kh1 dxe4 28. Bc4+ Be6 29. g7 Rf7 30. Qh8# 1-0

[Event "Paramaribo zt 2.3.5 (Women)"]
[Site "Paramaribo"]
[Date "2014.02.02"]
[Round "4"]
[White "Richards, Deborah"]
[Black "Naipal, Ekaterina"]
[Result "1-0"]
[WhiteElo "2022"]
[BlackElo "1782"]
[PlyCount "53"]
[EventDate "2014.02.01"]
[EventType "swiss"]
[EventRounds "9"]
[EventCountry "SUR"]
[SourceTitle "CBM 159 Extra"]
[Source "ChessBase"]
[SourceDate "2014.04.24"]
[SourceVersion "1"]
[SourceVersionDate "2014.04.24"]
[SourceQuality "1"]

1. Nf3 d5 2. d4 Nf6 3. c4 e6 4. cxd5 exd5 5. Nc3 Bd6 6. Bg5 c6 7. Qc2 Bg4 8. Ne5 Bh5 9. Rc1 Qb6 10. e3 Nbd7 11. Nxd7 Nxd7 12. Bd3 Bg6 13. 0-0 a6 14. e4 Qxd4 15. Be3 Qf6 16. exd5 Qe5 17. g3 Qh5 18. dxc6 Ne5 19. Bxg6 hxg6 20. h4 Nxc6 21. Ne4 Be7 22. Nc5 Ne5 23. f4 Nf3+ 24. Kf2 Nxh4 25. Qe4 Nf5 26. Rh1 Nxg3 27. Kxg3 1-0

[Event "Paramaribo zt 2.3.5 (Women)"]
[Site "Paramaribo"]
[Date "2014.02.01"]
[Round "1"]
[White "Blackman, Katrina"]
[Black "Richards, Deborah"]
[Result "0-1"]
[WhiteElo "1624"]
[BlackElo "2022"]
[PlyCount "78"]
[EventDate "2014.02.01"]
[EventType "swiss"]
[EventRounds "9"]
[EventCountry "SUR"]
[SourceTitle "CBM 159 Extra"]
[Source "ChessBase"]
[SourceDate "2014.04.24"]
[SourceVersion "1"]
[SourceVersionDate "2014.04.24"]
[SourceQuality "1"]

1. e4 d6 2. d4 e6 3. Nf3 Nf6 4. Bd3 Nbd7 5. Bg5 Be7 6. Nc3 h6 7. Bh4 c6 8. h3 e5 9. dxe5 dxe5 10. Bg3 Qc7 11. 0-0 0-0 12. Qe2 Bd6 13. Rad1 Re8 14. Bc4 b5 15. Qd3 Bf8 16. Bb3 Nc5 17. Qe3 b4 18. Na4 Ncxe4 19. Bh2 Bd6 20. Nd2 Nxd2 21. Rxd2 Bf5 22. c4 bxc3 23. Nxc3 Bb4 24. Rdd1 Qa5 25. Rc1 Rad8 26. a3 Bf8 27. Bc2 Bxc2 28. Rxc2 Nd5 29. Nxd5 cxd5 30. Rfc1 d4 31. Qd3 e4 32. Qd1 Be7 33. Bc7 Qf5 34. Bxd8 Rxd8 35. Rc7 Bd6 36. Rxa7 Qe5 37. Qb3 Qh2+ 38. Kf1 Qh1+ 39. Ke2 d3+ 0-1

[Event "Kingston President's inv"]
[Site "Kingston"]
[Date "2013.08.18"]
[Round "9"]
[White "Douglas, Markland"]
[Black "Richards, Deborah"]
[Result "1-0"]
[WhiteElo "1887"]
[BlackElo "2005"]
[PlyCount "79"]
[EventDate "2013.08.03"]
[EventType "tourn"]
[EventRounds "9"]
[EventCountry "JAM"]
[SourceTitle "EXT 2018"]
[Source "ChessBase"]
[SourceDate "2017.10.13"]
[SourceVersion "1"]
[SourceVersionDate "2017.10.13"]
[SourceQuality "1"]

1. e4 c5 2. Nf3 e6 3. d4 cxd4 4. Nxd4 Nf6 5. Nc3 d6 6. Be3 Be7 7. Bc4 a6 8. Bb3 0-0 9. f3 Qc7 10. Qd2 b5 11. g4 Nc6 12. Nxc6 Qxc6 13. 0-0-0 a5 14. a4 Ba6 15. h4 Rfc8 16. h5 b4 17. Ne2 Bc4 18. Nd4 Qc7 19. Kb1 d5 20. g5 Ne8 21. exd5 exd5 22. g6 Bf6 23. gxf7+ Qxf7 24. Rdg1 Kh8 25. Bg5 Ra6 26. Bxf6 Rxf6 27. h6 g6 28. Re1 Nd6 29. Re5 Rf8 30. Rhe1 Nf5 31. Nxf5 gxf5 32. Qd4 Bxb3 33. cxb3 Qg6 34. f4 Qxh6 35. Rxd5 Qg7 36. Rxa5 Rg6 37. Qxb4 h5 38. Rae5 h4 39. Re7 Qf6 40. R1e6 1-0

[Event "Olympiad Women-40"]
[Site "Istanbul"]
[Date "2012.08.28"]
[Round "1.1"]
[White "Bojkovic, Natasa"]
[Black "Richards, Deborah"]
[Result "1-0"]
[WhiteElo "2392"]
[BlackElo "1997"]
[PlyCount "67"]
[EventDate "2012.08.28"]
[EventType "team-swiss"]
[EventRounds "11"]
[EventCountry "TUR"]
[SourceTitle "CBM 150 Extra"]
[Source "ChessBase"]
[SourceDate "2012.10.19"]
[SourceVersion "1"]
[SourceVersionDate "2012.10.19"]
[SourceQuality "1"]
[WhiteTeam "Serbia (W)"]
[BlackTeam "Jamaica (W)"]
[WhiteTeamCountry "SRB"]
[BlackTeamCountry "JAM"]

1. e4 c5 2. Nf3 Nc6 3. Bb5 Nf6 4. Bxc6 dxc6 5. d3 Bg4 6. Nbd2 e6 7. b3 Be7 8. Bb2 0-0 9. h3 Bh5 10. g4 Bg6 11. Qe2 a5 12. a4 Nd7 13. Nc4 f6 14. Nfd2 b5 15. Ne3 Qc7 16. 0-0 Bd6 17. Ng2 Rae8 18. f4 e5 19. f5 Bf7 20. Ne3 Ra8 21. Bc3 Rfd8 22. Kh1 Ra7 23. Nf3 Rda8 24. g5 Bh5 25. Qg2 Bxf3 26. Rxf3 Qd8 27. Rg3 Kh8 28. Rg1 Be7 29. gxf6 Bxf6 30. Rxg7 Nb6 31. Rg3 Rf7 32. Ng4 Nd7 33. Nh6 Rf8 34. Rg8+ 1-0

[Event "Duran zt 2.3.5 (Women)"]
[Site "Duran"]
[Date "2012.03.10"]
[Round "8"]
[White "Richards, Deborah"]
[Black "Bermudez Veliz, Josselyn Dayan"]
[Result "1-0"]
[WhiteElo "1989"]
[BlackElo "1645"]
[PlyCount "51"]
[EventDate "2012.03.05"]
[EventType "swiss"]
[EventRounds "9"]
[EventCountry "ECU"]
[SourceTitle "EXT 2023"]
[Source "ChessBase"]
[SourceDate "2022.10.05"]
[SourceVersion "1"]
[SourceVersionDate "2022.10.05"]
[SourceQuality "1"]

1. Nf3 g6 2. d4 Nf6 3. c4 d5 4. cxd5 Nxd5 5. e4 Nb6 6. Nc3 Bg7 7. Be3 0-0 8. Be2 Nc6 9. h3 e5 10. d5 Ne7 11. 0-0 f5 12. Qb3 Kh8 13. Rad1 fxe4 14. Ng5 Nf5 15. Ncxe4 Nxe3 16. fxe3 Bf6 17. Nxf6 Rxf6 18. Nf7+ Rxf7 19. Rxf7 Bf5 20. Qc3 Nd7 21. d6 cxd6 22. Rxd6 Qe8 23. Bc4 Rc8 24. Qb4 b6 25. e4 Bxh3 26. gxh3 1-0

[Event "Duran zt 2.3.5 (Women)"]
[Site "Duran"]
[Date "2012.03.09"]
[Round "7"]
[White "Aponte Montes de Oca, Oriana Isabel"]
[Black "Richards, Deborah"]
[Result "1-0"]
[WhiteElo "1875"]
[BlackElo "1989"]
[PlyCount "63"]
[EventDate "2012.03.05"]
[EventType "swiss"]
[EventRounds "9"]
[EventCountry "ECU"]
[SourceTitle "EXT 2023"]
[Source "ChessBase"]
[SourceDate "2022.10.05"]
[SourceVersion "1"]
[SourceVersionDate "2022.10.05"]
[SourceQuality "1"]

1. e4 c5 2. Nf3 Nc6 3. d4 cxd4 4. Nxd4 d6 5. Nc3 e6 6. Bc4 Nf6 7. Bb3 Be7 8. Be3 0-0 9. Qe2 Qc7 10. 0-0-0 a6 11. g4 Nxd4 12. Rxd4 b5 13. g5 Nd7 14. h4 Nc5 15. h5 Qa5 16. f3 b4 17. Nb1 Nxb3+ 18. axb3 Bxg5 19. f4 Be7 20. Rg1 g6 21. f5 exf5 22. Rd5 Qc7 23. exf5 Bb7 24. Rd4 Rac8 25. hxg6 hxg6 26. Rc4 Qd7 27. fxg6 f5 28. g7 Rf7 29. Bd4 Rxc4 30. bxc4 Bf6 31. Bxf6 Rxf6 32. Qh5 1-0

[Event "Duran zt 2.3.5 (Women)"]
[Site "Duran"]
[Date "2012.03.08"]
[Round "5"]
[White "Rovira Contreras, Tairu Manuela"]
[Black "Richards, Deborah"]
[Result "1-0"]
[WhiteElo "1991"]
[BlackElo "1989"]
[PlyCount "63"]
[EventDate "2012.03.05"]
[EventType "swiss"]
[EventRounds "9"]
[EventCountry "ECU"]
[SourceTitle "EXT 2023"]
[Source "ChessBase"]
[SourceDate "2022.10.05"]
[SourceVersion "1"]
[SourceVersionDate "2022.10.05"]
[SourceQuality "1"]

1. d4 Nf6 2. c4 e6 3. g3 Bb4+ 4. Bd2 Be7 5. Bg2 d5 6. Nc3 0-0 7. Nf3 Ne4 8. 0-0 Nxd2 9. Nxd2 dxc4 10. Nxc4 c6 11. Rc1 Nd7 12. a3 Rb8 13. b4 Nb6 14. Na5 Bf6 15. e3 Nd5 16. Ne4 Be7 17. Qb3 Qe8 18. Qd3 Bd8 19. Nc4 Bd7 20. Nc5 Qe7 21. Rfe1 Bc7 22. e4 Nf6 23. d5 Bb6 24. d6 Qe8 25. Ne3 Qd8 26. Rc4 a5 27. e5 Nd5 28. Bxd5 exd5 29. Rh4 h6 30. Nxd7 Qxd7 31. Ng4 Qe6 32. Rxh6 1-0

[Event "Duran zt 2.3.5 (Women)"]
[Site "Duran"]
[Date "2012.03.07"]
[Round "4"]
[White "Richards, Deborah"]
[Black "Herrera Arboleda, Kerly Danna"]
[Result "1/2-1/2"]
[WhiteElo "1989"]
[BlackElo "1896"]
[PlyCount "74"]
[EventDate "2012.03.05"]
[EventType "swiss"]
[EventRounds "9"]
[EventCountry "ECU"]
[SourceTitle "EXT 2023"]
[Source "ChessBase"]
[SourceDate "2022.10.05"]
[SourceVersion "1"]
[SourceVersionDate "2022.10.05"]
[SourceQuality "1"]

1. c4 e6 2. Nc3 c6 3. d4 d5 4. e4 Bb4 5. cxd5 exd5 6. e5 Ne7 7. Bd3 Nf5 8. Nf3 Qb6 9. a3 Be7 10. Bc2 h5 11. 0-0 Be6 12. b4 Nd7 13. Rb1 g6 14. Na4 Qc7 15. b5 0-0 16. bxc6 bxc6 17. Qd3 c5 18. Nxc5 Bxc5 19. dxc5 Nxc5 20. Qc3 Rfc8 21. Bg5 d4 22. Qe1 d3 23. Bd1 Bc4 24. Nd2 Ba6 25. Ne4 d2 26. Nf6+ Kh8 27. Bxd2 Bxf1 28. Kxf1 Nd3 29. Qe4 Qxe5 30. Qxd3 Qxf6 31. Bf3 Kg8 32. Bxa8 Rxa8 33. Bc3 Qd6 34. Qxd6 Nxd6 35. Bb4 Nf5 36. Rd1 a5 37. Bc3 Kf8 1/2-1/2

[Event "Guayaquil zt 2.3.5 (Women)"]
[Site "Guayaquil"]
[Date "2012.03.06"]
[Round "3"]
[White "Varela la Madrid, Tilsia Carolin"]
[Black "Richards, Deborah"]
[Result "1-0"]
[WhiteElo "1990"]
[BlackElo "1989"]
[PlyCount "75"]
[EventDate "2012.03.05"]
[EventType "swiss"]
[EventRounds "9"]
[EventCountry "ECU"]
[SourceTitle "EXT 2013"]
[Source "ChessBase"]
[SourceDate "2012.11.22"]
[SourceVersion "1"]
[SourceVersionDate "2012.11.22"]
[SourceQuality "1"]

1. e4 c5 2. Nf3 Nc6 3. c3 d5 4. exd5 Qxd5 5. d4 Bg4 6. Be2 Nf6 7. Be3 e6 8. dxc5 0-0-0 9. Qxd5 Nxd5 10. b4 Nxe3 11. fxe3 Bxf3 12. gxf3 Be7 13. Nd2 Ne5 14. Nc4 Bh4+ 15. Kf1 Nxc4 16. Bxc4 Rd2 17. Be2 Rhd8 18. Rg1 g6 19. Rg4 g5 20. Rd4 R8xd4 21. cxd4 Rb2 22. b5 Rc2 23. a4 e5 24. a5 exd4 25. exd4 g4 26. fxg4 Bg5 27. a6 bxa6 28. Rxa6 Be3 29. Rxa7 Bxd4 30. Ra8+ Kd7 31. c6+ Ke6 32. Bd3 Rc1+ 33. Ke2 h6 34. Kd2 Rc5 35. b6 Be5 36. Re8+ Kf6 37. Rxe5 Rxe5 38. b7 1-0